Statistics for Star Wars Knights of the Old Republic (KOTOR) Hard Knowledge Quiz

Click here to take the quiz!

General Stats

  • This quiz has been taken 79 times
  • The average score is 14 of 35

Answer Stats

QuestionAnswer% Correct
What is the name of the crew member who helps you out on the Endar Spire?Trask
78%
Which corporation is offering bounties for the Sand People's Gaffi Sticks on Tatooine?Czerka
67%
Name one of the Masters on Dantooine who are part of the CouncilVandar/Zhar/Vrook/Dorak
66%
Which swoop gang in the lower city has their prototype Swoop Racing Engine stolen?Hidden Beks
64%
What is the resource that helps the inhabitants of Manaan maintain their neutrality?Kolto
64%
Whose mother do you encounter on Tatooine?Bastila
62%
Which swoop gang stole that prototype Engine?Black Vulkars
62%
Who owns the Ebon Hawk on Taris before you kill him and take it?Davik Kang
60%
Which bounty hunter do you re-encounter on your first planet that you visit after Dantooine?Calo Nord
59%
What is the name of the native species that inhabits ManaanSelkath
59%
What is the name of Darth Malak's apprentice who confronts you on the second planet you arrive on?Darth Bandon
57%
What is guarding the Star Map on Tatooine?Krayt Dragon
55%
What species used to have a galaxy spanning empire, but is now stuck on their home planet near the Star Forge?Rakata
53%
What do you need to get into the lower city on Taris?Sith Uniform/Sith Disguise
53%
Which group (race) of slavers has kidnapped Mission Vao's friend Zaalbar?Gamorreans
50%
What is the name of the Ship that captures you and your crew on the way to your final planet?Leviathan
50%
Who is the commanding officer of the ship that captures you on the way to your final planet?Saul Karath
48%
Which species/race has being captured by the sand people on Tatooine?Jawas
41%
Name one of the tombs that you can enter to gain favor at the sith academy on KorribanAjunta Pall/Tulak Hord/Marka Ragnos
34%
Who is ambushing wookies in the lower forest area of Kashyyyk for training?Mandalorians
33%
Which tomb must you enter to find the star map on Korriban?Naga Sadow
33%
What is the name of Zaalbar's Brother who runs the Wookie clan on Kashyyyk?Chuundar
31%
What is the name of the Jedi dispatched to access the star map on Dantooine before Revan and Bastila arrive?Nemo
31%
What is the name of Jolee Bindo's friend who is on trial for murder on Manaan?Sunry
28%
What is the name of the settlement on Korriban that you land on?Dreshdae
24%
What force power can you use to regain health during the final battle on the Star Forge from the Jedi in stasis?Drain Life/Death Field
22%
What creature do you have to kill on Kashyyyk to get Bacca's Ceremonial Sword blade?Terentatek
22%
Who was the old man who wants you to find the Promised Land in the Undercity in Taris?Rukil
21%
What area has Juhani tainted with the dark side on Dantooine?The Ancient Grove
19%
Name on of the Tribes on the planet you crash land on trying to reach the Star Forge?Elders/Tribe of the One
17%
Who are the two families whose dispute you must resolve for the Council on Dantooine?Sandrals and Matales
17%
How do you defend yourself underwater on Manaan?Sonic Emitter
17%
What is guarding the Star Map on Manaan?Mother Firaxan Shark
10%
What do the Czerka corporation people want you to collect for them on Kashyyyk forest floor?Tach Glands
10%
Who are the two sith in charge of running the academy on Korriban?Yathura Ban and Uthar Wynn
2%

Score Distribution

Percentile by Number Answered

Percent of People with Each Score

Your Score History

You have not taken this quiz